Welcome to CU Library Online Public Access Catalogue (OPAC)

Under the safety net : (Record no. 2903)

MARC details
000 -LEADER
fixed length control field 00922pam a2200241 a 4500
001 - CONTROL NUMBER
control field 581151
005 - DATE AND TIME OF LATEST TRANSACTION
control field 20250123111935.0
008 - FIXED-LENGTH DATA ELEMENTS--GENERAL INFORMATION
fixed length control field 900122s1990 nyua b 001 0 eng
020 ## - INTERNATIONAL STANDARD BOOK NUMBER
International Standard Book Number 9780393028850
050 00 - LIBRARY OF CONGRESS CALL NUMBER
Classification number RA564.9.H63
Item number U53 1990
082 00 - DEWEY DECIMAL CLASSIFICATION NUMBER
Classification number 362.1/0425
Edition information 20
245 00 - TITLE STATEMENT
Title Under the safety net :
Remainder of title the health and social welfare of the homeless in the United States /
Statement of responsibility, etc. the editors, Philip W. Brickner ... [et al.].
250 ## - EDITION STATEMENT
Edition statement 1st ed.
260 ## - PUBLICATION, DISTRIBUTION, ETC.
Place of publication, distribution, etc. New York :
Name of publisher, distributor, etc. Norton,
Date of publication, distribution, etc. c1990.
300 ## - PHYSICAL DESCRIPTION
Extent xxiii, 439 p. :
Other physical details ill. ;
Dimensions 25 cm.
500 ## - GENERAL NOTE
General note "A United Hospital Fund book."
650 #0 - SUBJECT ADDED ENTRY--TOPICAL TERM
Topical term or geographic name entry element Homeless persons
General subdivision Health and hygiene
Geographic subdivision United States.
650 #0 - SUBJECT ADDED ENTRY--TOPICAL TERM
Topical term or geographic name entry element Homeless persons
General subdivision Medical care
Geographic subdivision United States.
650 #0 - SUBJECT ADDED ENTRY--TOPICAL TERM
Topical term or geographic name entry element Homeless persons
Geographic subdivision Social aspects
General subdivision United States.
650 #0 - SUBJECT ADDED ENTRY--TOPICAL TERM
Topical term or geographic name entry element Homeless persons
General subdivision Government policy
Geographic subdivision United States.
700 1# - ADDED ENTRY--PERSONAL NAME
Personal name Brickner, Philip W.,
Dates associated with a name 1928-2014.
942 ## - ADDED ENTRY ELEMENTS (KOHA)
Source of classification or shelving scheme Library of Congress Classification
Koha item type Books
Edition 1st ed.
Suppress in OPAC No
999 ## -
-- 2903
-- 2903
Holdings
Withdrawn status Lost status Source of classification or shelving scheme Damaged status Not for loan Collection Home library Current library Shelving location Date acquired Total checkouts Full call number Barcode Date last seen Copy number Price effective from Koha item type
    Library of Congress Classification     Non-fiction Science Library (Miotso) Science Library (Miotso) General stacks 01/23/2025   RA654.9 .H63U53 UNI SLM00002286 01/23/2025 1 01/23/2025 Books
    Library of Congress Classification     Non-fiction Science Library (Miotso) Science Library (Miotso) General stacks 01/23/2025   RA654.9 .H63U53 UNI SLM00002287 01/23/2025 2 01/23/2025 Books
    Library of Congress Classification     Non-fiction Science Library (Miotso) Science Library (Miotso) General stacks 01/23/2025   RA654.9 .H63U53 UNI SLM00002288 01/23/2025 3 01/23/2025 Books
    Library of Congress Classification     Non-fiction Science Library (Miotso) Science Library (Miotso) General stacks 01/23/2025   RA654.9 .H63U53 UNI SLM00002289 01/23/2025 4 01/23/2025 Books
    Library of Congress Classification     Non-fiction Science Library (Miotso) Science Library (Miotso) General stacks 01/23/2025   RA654.9 .H63U53 UNI SLM00002290 01/23/2025 5 01/23/2025 Books
© 2023-2024 Copyright: Central University Libraries. All Rights Reserved | Created by: Mahone Tech Office